| 000 | 01034nam a2200241 a 4500 | ||
|---|---|---|---|
| 001 | 39333 | ||
| 003 | BD-RjUL | ||
| 005 | 20211209052952.0 | ||
| 008 | 160407s2010 bg ||||| b||| 001 0 ben d | ||
| 020 |
_a984074822X _c: TK. 220.00 |
||
| 035 | _a(BD-RjUL)39446 | ||
| 040 |
_aBD-RjUL _bben _cBD-RjUL _dBD-RjUL |
||
| 041 | _aben | ||
| 082 |
_223 _a891.44209 _bHAB 2010 |
||
| 100 |
_aহাসান, অনুপম _9121238 |
||
| 245 | 1 | 0 |
_aবাংলাদেশের কাব্য নাটক : _bবিষয় ও প্রকরণ / _cঅনুপম হাসান |
| 260 |
_aঢাকা : _bবাংলা একাডেমী, _c২০১০. |
||
| 300 |
_a১২, ৩৯৮ পৃ. ; _c২১ সেমি. |
||
| 504 | _aগ্রন্থপঞ্জি ও নির্ঘণ্ট সংযুক্ত | ||
| 650 |
_aশ্লোক নাটক , বাংলা _vইতিহাস ও সমালোচনা _9117724 |
||
| 650 |
_aVerse drama,Bengali _vHistory and Criticism _9117725 |
||
| 942 |
_2ddc _cBK _03 |
||
| 999 |
_c39333 _d39333 |
||